000 00591nam a2200181Ia 4500
005 20250423100809.0
008 250422s9999 xx 000 0 und d
020 _a9788183565837
050 _aG 70.212 .A23/
100 _aAbbasi, Tasneem
245 0 _aRemote sensing gis and wetland management
260 _aNew Delhi, India
260 _bDiscovery Publishing House Pvt. Ltd.
260 _c2012
300 _a411 p
650 _aCoastal zone management--Geographic information systems. Coastal zone management--Remote sensing. Coastal mapping. Environmental mapping.
942 _cBK
999 _c34369
_d34369